|
|
|
|
| LEADER |
00000nam a2200000Ia 4500 |
| 008 |
170703b2017 cr a|||| |||| 00| | spa d |
| 999 |
|
|
|c 1199
|d 1199
|
| 090 |
|
|
|a 06.03.07
|b 2288
|
| 100 |
1 |
|
|a Carpio Brenes, María de los Ángeles
|9 1371
|
| 245 |
1 |
0 |
|a Confiabilidad del test de lectura y escritura en español (LEE) para su aplicación en estudiantes de 2º a 5º de educación general básica del Circuito 06 de la región educativa de Cartago /
|c María de los Ángeles Carpio Brenes, Ericka Méndez Chacón
|
| 260 |
|
|
|a [San José, Costa Rica]
|b INIE,
|c 2017
|
| 300 |
|
|
|a 1 volumen (sin paginar);
|b ilustraciones
|
| 500 |
|
|
|a Informe final proyecto d einvestigación Nº 724-B5-313
|
| 650 |
1 |
4 |
|a APRENDIZAJE
|9 387
|
| 650 |
1 |
4 |
|a EDUCACIÓN
|9 1
|
| 650 |
1 |
4 |
|a EVALUACIÓN
|9 287
|
| 650 |
1 |
4 |
|a COMPRENSIÓN DE LECTURA
|9 1188
|
| 650 |
1 |
4 |
|a ESCRITURA
|9 1189
|
| 700 |
1 |
|
|a Méndez Chacón, Ericka
|9 1372
|
| 942 |
|
|
|i 004340
|h 06.03.07 2288
|2 z
|c 04
|